[Event "Wch U10"]
[Site "Pocos de Caldas"]
[Date "2017.08.22"]
[Round "1"]
[White "Gutierrez Villca, Daniel Matias"]
[Black "Dang, Anh Minh"]
[Result "0-1"]
[WhiteElo "1182"]
[BlackElo "1621"]
[PlyCount "76"]
[EventDate "2017.08.22"]
[EventType "swiss"]
[EventRounds "11"]
[EventCountry "BRA"]
[SourceTitle "CBM 180 Extra"]
[Source "ChessBase"]
[SourceDate "2017.10.06"]
[SourceVersion "1"]
[SourceVersionDate "2017.10.06"]
[SourceQuality "1"]

1. e4 c5 2. Nf3 e6 3. Nc3 d6 4. Be2 Nc6 5. 0-0 Nf6 6. d3 Be7 7. a3 0-0 8. Bg5 h6 9. Be3 a6 10. Qd2 b5 11. Na2 Bb7 12. b3 Rc8 13. Rab1 Qc7 14. b4 Rfd8 15. c3 Ne5 16. Nxe5 dxe5 17. Rfc1 Nxe4 18. Qe1 Nf6 19. d4 exd4 20. cxd4 c4 21. f3 Nd5 22. Bf2 Bf6 23. Bd3 Qb6 24. Be4 Bxd4 25. Bxd5 Bxf2+ 26. Qxf2 Qxf2+ 27. Kxf2 exd5 28. Rd1 d4 29. Rbc1 f6 30. g3 Kf7 31. f4 Be4 32. Ke2 f5 33. h4 c3 34. Kf2 Bd5 35. Ra1 Bxa2 36. Rxa2 c2 37. Rc1 d3 38. Ke3 d2 0-1